Vô hình
Gồm 9 bài, với các tác phẩm như: Đêm, Cây Bàng, Cô Gái Mù...
Shranjeno v:
| Format: | Knjiga |
|---|---|
| Jezik: | Undetermined |
| Izdano: |
Hà Nội
The Wall
2003
|
| Teme: | |
| Oznake: |
Označite
Brez oznak, prvi označite!
|
| Thư viện lưu trữ: | Trung tâm Học liệu Trường Đại học Cần Thơ |
|---|
| LEADER | 00546nam a2200181Ia 4500 | ||
|---|---|---|---|
| 001 | CTU_237730 | ||
| 008 | 210402s9999 xx 000 0 und d | ||
| 082 | |a 781.66 | ||
| 082 | |b V450 | ||
| 245 | 0 | |a Vô hình | |
| 245 | 0 | |c Nhóm Bức tường | |
| 260 | |a Hà Nội | ||
| 260 | |b The Wall | ||
| 260 | |c 2003 | ||
| 520 | |a Gồm 9 bài, với các tác phẩm như: Đêm, Cây Bàng, Cô Gái Mù... | ||
| 650 | |a Rock music,Nhạc rock | ||
| 910 | |b nthai | ||
| 980 | |a Trung tâm Học liệu Trường Đại học Cần Thơ | ||